| 000 | 02544nam a2200361 a 4500 | ||
|---|---|---|---|
| 001 | 000020769 | ||
| 003 | DO-SdBPM | ||
| 005 | 20250911135802.0 | ||
| 007 | ta | ||
| 008 | 100817s2004 dr c 000 0 spa d | ||
| 020 | _a9993423424 | ||
| 040 |
_aDO-SdBPM _bspa _cBPMSU _drda |
||
| 082 | 4 |
_a972.93053 _bG861t, 2004 _222 |
|
| 100 | 1 |
_aGrimaldi, Víctor, _d1949- _eautor |
|
| 245 | 1 | 0 |
_aTumbaron al jefe : _blos Estados Unidos en derrocamiento de Trujillo / _cVíctor Grimaldi ; prólogo José Chez Checo. |
| 250 | _a4a ed. | ||
| 264 |
_aSanto Domingo : _bAmigo del hogar, _c2004. |
||
| 300 |
_a231 páganas : _bretrato ; _c23 cm. |
||
| 336 |
_atexto _btxt _2rdacontent |
||
| 337 |
_asin mediación _bn _2rdamedia |
||
| 338 |
_avolumen _bnc _2rdacarrier |
||
| 504 | _aIncluye referencias bibliográficas y notas al pie de las páginas | ||
| 504 | _aBibliografía : páginas 227-231 | ||
| 505 | 0 | _aPrólogo / José Chez Checo -- A manera de introducción / Tumbaron a Trujillo -- Quisieron perpetuar la tiranía en 1959 -- Más mensajes secretos-- El mayor reto a la tiranía -- Otros documentos -- Un millón de dólares para el Jefe -- Alianza con el Jefe -- Viene el cambio -- Mientras tanto, ¿Qué pasó con Batista? -- Y en 1960 ofrecieron crear un fondo con dólares del Jefe para que abandonara el poder por las buenas -- El turno de Trujillo -- Se involucra la CIA -- El Pentágono -- Los hechos de 1960 -- Un fondo para Trujillo -- La OEA, Fidel y Balaguer -- Cuando el Jefe rechazó el US$ fondo de Eisenhower, la CIA se metió en el complot -- La cuota azucarera cubana--El 18 de agosto -- Balaguer presidente -- La URSS -- Sube Kennedy -- La CIA en acción -- Dicen que Balaguer lo sabía -- Octubre de 1960 -- 17 de Abril, Bahía de Cochinos -- Playa Girón -- Preocupados por De la Maza -- Temor a Ramfis -- 14 años antes a la eliminación de Trujillo, en 1947 los Estados Unidos abortaron la invasión de Cayo Confites -- Trujillo en 1947 -- Juan Bosch -- Fidel Castro -- dictadores, intervenciones y soberanía mediatizada -- Un estudio de Brookings Institution -- La OEA--Anexos. | |
| 590 | _aInventariado, 2025/VM | ||
| 600 | 1 | 4 |
_aTrujillo Molina, Rafael Leónidas, _d1891-1961 |
| 651 | 7 |
_aRepública Dominicana _xPolítica y gobierno |
|
| 651 | 7 |
_aRepública Dominicana _xRelaciones internacionales _zEstados Unidos |
|
| 651 | 4 |
_aRepública Dominicana _xHistoria _y Era de Trujillo, 1930-1961 _z |
|
| 700 | 1 |
_aChez Checo, José, _d1949- _eprólogo |
|
| 910 | _aVMateo. Control de calidad BPMSU | ||
| 942 |
_2ddc _cBK |
||
| 999 |
_c15384 _d15384 |
||